| 000 | 00598nam a22001817a 4500 | ||
|---|---|---|---|
| 999 |
_c20434 _d20434 |
||
| 005 | 20190724111624.0 | ||
| 008 | 190228b xxu||||| |||| 00| 0 spa d | ||
| 040 |
_aCO-BoIAVH _cCO-BoIAVH |
||
| 041 | _aspa | ||
| 044 | _ack | ||
| 090 |
_aFG _b0330 |
||
| 110 | _aCorporación Autónoma Regional del Quindio CRQ | ||
| 245 | 1 | 3 |
_ala palma de cera del Quindio: _bCeroxylon quindiuense |
| 260 |
_aColombia: _bCorporación Autónoma Regional del Quindio CRQ, _c1995. |
||
| 300 |
_a34 páginas _c16x23cm |
||
| 650 | 0 |
_aPalma de cera _x Variedades _z Quindío (Colombia) |
|
| 942 |
_2z _cFolleto |
||